Word Ladder: Lord of the Flies Quiz Stats

 Plays Quiz Updated Jun 29, 2014

Support Sporcle.
Go Orange.
Score 0/21 Timer 03:00
0 Plays Today
Clue 4-Letter Word % Correct
Set of playing cardsDECK
95.8%
What a bird can do with its beakPECK
94.5%
____ Cheney, former US VPDICK
93.8%
A smileGRIN
89.8%
★ 'We did everything adults do, what ____ wrong?' ★★ WENT ★
89.7%
____ Moranis, 'Spaceballs' actorRICK
87.9%
____ Brockovich, environmental activistERIN
87.1%
★ 'Which is better–to be a ____ of painted Indians like you are, or to be sensible like Ralph is?' ★★ PACK ★
86.7%
Wish forWANT
86.5%
Breathe with short, quick breaths out of excitementPANT
86.4%
'True ____', Jeff Bridges movieGRIT
86%
Clue 4-Letter Word % Correct
Sharply curvedBENT
86%
Agreement between partiesPACT
85.8%
High school quarterback, e.g.JOCK
82.8%
★ Castle ____, base of [Rung 1] ★★ ROCK ★
82.2%
Karate levelBELT
81.5%
★ ____ Merridew, red-headed leader of the choir ★★ JACK ★
77.9%
Cadence of a horseGAIT
65.6%
★ Sam's twin ★★ ERIC ★
65.1%
Money for playing dreidelGELT
59.5%
John from 'Atlas Shrugged'GALT
55.4%

Today's Daily Dose

You're not logged in!

Compare scores with friends on all Sporcle quizzes.
OR
Log In

From the Vault

Largest US Cities by Land Area

by TheBigE1980

Oh give me land, lots of land, under starry skies above...
Remove Ads.
Support Sporcle.
Get the best of Sporcle when you Go Orange. This ad-free experience offers more features, more stats, and more fun while also helping to support Sporcle. Thank you for becoming a member.

Show Comments

Extras

Top Quizzes Today


Score Distribution

Your Account Isn't Verified!

In order to create a playlist on Sporcle, you need to verify the email address you used during registration. Go to your Sporcle Settings to finish the process.

Report this User

Report this user for behavior that violates our Community Guidelines.

Details: